• 首页
  • 本馆介绍
  • 公告通知
  • 最新文献
  • 馆藏检索
  • 电子资源
  • 读者导购
  • 参考咨询
  • 我的图书馆
  • 登录
  • 详细信息显示
  • 放入我的书架
  • 预约/预借图书
  • 作者相关作品
  • 分类相关作品
  • 丛书相关作品
  • 出版社相关作品

书目信息

  • 表格格式
  • 工作单格式
  • 卡片格式
题名:
计算机基础项目化教程拓展集
    
 
作者: 朱辉 , 刘慧宇 , 崔杰菲 主编
分册:  
出版信息: 大连   大连理工大学出版社  2019
页数: 194页
开本: 26cm
丛书名: 新世纪应用型高等教育计算机类课程规划教材
单 册:
中图分类: TP3
科图分类:
主题词: 电子计算机--dian zi ji suan ji--高等教育--教材
电子资源:
ISBN: 978-7-5685-1091-2
000 01148nam 2200289 45
001 012001003230
005 20140129150252.0
010    @a978-7-5685-1091-2@dCNY33.80
099    @aCAL 012018008901
100    @a20171208d2017 em y0chiy50 ea
101 0  @achi
102    @aCN@b210000
105    @aak z 000yy
106    @ar
200 1  @a计算机基础项目化教程拓展集@Aji suan ji ji chu xiang mu hua jiao cheng tuo zhan ji@f主编朱辉, 刘慧宇, 崔杰菲
210    @a大连@c大连理工大学出版社@d2019
215    @a194页@c图@d26cm
225 2  @a新世纪应用型高等教育计算机类课程规划教材@Axin shi ji ying yong xing gao deng jiao yu ji suan ji lei ke cheng gui hua jiao cai
330    @a本教材共六个模块: 数据库 —— Access 2010 ; 绘图软件 —— Visio 2010 ; 计算机软硬件维护 ; 网络及新媒体 ; VBA基础 ; 自主学习案例汇总。
410  0 @12001 @a新世纪应用型高等教育计算机类课程规划教材
606 0  @a电子计算机@Adian zi ji suan ji@x高等教育@j教材
690    @aTP3@v5
701  0 @a朱辉@Azhu hui@4主编
701  0 @a刘慧宇@Aliu hui yu@4主编
701  0 @a崔杰菲@Acui jie fei@4主编
801  2 @aCN@b北京卓展@c20191020
905    @b1210864-7@dTP3@e1014@f4
    
    计算机基础项目化教程拓展集/主编朱辉, 刘慧宇, 崔杰菲.-大连:大连理工大学出版社,2019
    194页:图;26cm.-(新世纪应用型高等教育计算机类课程规划教材)
    
    
    ISBN 978-7-5685-1091-2:CNY33.80
    本教材共六个模块: 数据库 —— Access 2010 ; 绘图软件 —— Visio 2010 ; 计算机软硬件维护 ; 网络及新媒体 ; VBA基础 ; 自主学习案例汇总。
●
相关链接 在E读中查询图书 在五车中查询图书 在当当中查询图书 在豆瓣中查询图书


正题名:计算机基础项目化教程拓展集     索取号:TP3/1014         预约/预借

序号 登录号 条形码 馆藏地/架位号 状态 备注
1 1210864   212108645   第二样本阅览室/ [索取号:TP3/1014] 在馆    
2 1210865   212108654   第三借阅区/ [索取号:TP3/1014] 在馆    
3 1210866   212108663   第三借阅区/ [索取号:TP3/1014] 在馆    
4 1210867   212108672   第三借阅区/ [索取号:TP3/1014] 在馆    
唐山师范学院图书馆 欢迎您!
大连网信软件有限公司© 版权所有